000 00300nam a22001217a 4500
008 181015b xxu||||| |||| 00| 0 eng d
041 _aeng
080 _a616.5
100 _a7
101 _aDER
245 _aColor Atlas And Synopsis Of Clinical Dermatology
_cThomas.B.F
942 _2udc
_cBK
999 _c49699
_d49699